LEADER 00882nam a2200229 i 4500 001 991002915519707536 005 20021022144007.0 008 960610s1868 fr ||| | fre 035 $ab11727901-39ule_inst 035 $aLE021FD222833$9ExL 040 $aDip. SSSC$bita 100 1 $aDesarbres, Nerée$0529524 245 10$aDeux siecles a l'opera :$b1669-1868 :$bchronique anecdotique, artistique, excentrique, pittoresque et galante /$cNerée Desarbres 260 $aParis :$bE. Dentu,$c1868 300 $a297 p. ;$c18 cm. 650 4$aOpera$y1669-1868 907 $a.b11727901$b02-04-14$c24-10-02 912 $a991002915519707536 945 $aLE021FD DAN31D20$g1$iLE021FD-2670$lle023$nFondo D'Amico$o-$pE0.00$q-$rn$so $t0$u0$v0$w0$x0$y.i11967857$z24-10-02 996 $aDeux siecles a l'opera$9904142 997 $aUNISALENTO 998 $ale021$b10-06-96$cm$da $e-$ffre$gfr $h0$i1